000 00607nam a2200205 a 4500
005 20230524063636.0
008 991125s1960 fr 000 0 fre u
035 _aUPN01000006196
049 _aCG
050 4 _aLB1589 F8.2
_bB6.2
100 1 _aBodard, G.
245 1 3 _aLe calcul quotidien /
_cG. Bodard, H. Bréjaud.
260 _aParís :
_bF. Nathan,
_cc1960.
300 _a190 p. :
_bil. col.
440 0 _aCollection Bodard
500 _a"Cours Moyen 2e année, entrée en 6e"
650 4 _aMatemáticas
_xEstudio y enseñanza (Elemental)
_92809
700 1 _aBréjaud, H.,
_ecoaut.
905 _aLibro
999 _c6196
_d6196